| 000 | 01049nam a2200193 a 4500 | ||
|---|---|---|---|
| 008 | 120416s1999 ||||||||||||||||| || u | ||
| 020 | _a0849331366 | ||
| 050 | _aS 591 Han | ||
| 100 | _aSumner, Malcolm | ||
| 245 | 1 | 0 |
_aHandbook of soil science _cedited by Malcolm Sumner |
| 260 |
_aLondon _bCRC Press _c1999 |
||
| 300 | _avariant pagings : illustrations | ||
| 350 | _a0.00 | ||
| 995 |
_aREFERENCE BOOKS _D0.00 _e736603 _FCBU-MAIN LIBRARY (Kitwe) _H4 _I50.00 _jS 591 Han _M4 _UAVAILABLE _y40707 _ZReference Collection |
||
| 995 |
_aREFERENCE BOOKS _D0.00 _e736599 _FCBU-MAIN LIBRARY (Kitwe) _H5 _I50.00 _jS 591 Han _M5 _UREFERENCE _y40708 _ZReference Collection |
||
| 995 |
_aREFERENCE BOOKS _D0.00 _e736602 _FCBU-MAIN LIBRARY (Kitwe) _H2 _I50.00 _jS 591 Han _M2 _UREFERENCE _y40706 _ZReference Collection |
||
| 995 |
_aREFERENCE BOOKS _D0.00 _e736601 _FCBU-MAIN LIBRARY (Kitwe) _H3 _I50.00 _jS 591 Han _M3 _UREFERENCE _y40710 _ZReference Collection |
||
| 995 |
_aREFERENCE BOOKS _D0.00 _e736600 _FCBU-MAIN LIBRARY (Kitwe) _H1 _I50.00 _jS 591 Han _M1 _UREFERENCE _y40709 _ZReference Collection |
||
| 999 |
_c76111 _d76111 |
||